El abastecimiento de Madrid en el reinado de Isabel II / (Record no. 62576)
[ view plain ]
| 000 -LEADER | |
|---|---|
| campo de control de longitud fija | 00682nam a2200193 i 4500 |
| 001 - NÚMERO DE CONTROL | |
| campo de control | 62576 |
| 003 - IDENTIFICADOR DE NÚMERO DE CONTROL | |
| campo de control | ES-MaACL |
| 005 - FECHA Y HORA DE LA ÚLTIMA TRANSACCIÓN | |
| campo de control | 20250925063030.0 |
| 007 - CAMPO FIJO DE DESCRIPCIÓN FÍSICA--INFORMACIÓN GENERAL | |
| campo de control de longitud fija | t| |
| 008 - DATOS DE LONGITUD FIJA--INFORMACIÓN GENERAL | |
| campo de control de longitud fija | 031124s1971 sp ||||1| spa d |
| 100 0# - ENTRADA PRINCIPAL--NOMBRE DE PERSONA | |
| Nombre de persona | Fernández García, Antonio, |
| Fechas asociadas al nombre | 1936- |
| 9 (RLIN) | 49339 |
| 245 13 - MENCIÓN DEL TÍTULO | |
| Título | El abastecimiento de Madrid en el reinado de Isabel II / |
| Mención de responsabilidad, etc. | Antonio Fernández García. |
| 260 ## - PUBLICACIÓN, DISTRIBUCIÓN, ETC. | |
| Lugar de publicación, distribución, etc. | Madrid : |
| Nombre del editor, distribuidor, etc. | Instituto de Estudios Madrileños, |
| Fecha de publicación, distribución, etc. | 1971. |
| 300 ## - DESCRIPCIÓN FÍSICA | |
| Extensión | XV, 241 p., 5 gráf. ; |
| Dimensiones | 25 cm. |
| 490 1# - MENCIÓN DE SERIE | |
| Mención de serie | Biblioteca de estudios madrileños ; |
| Designación de volumen o secuencia | 14 |
| 830 0# - PUNTO DE ACCESO ADICIONAL DE SERIE-TÍTULO UNIFORME | |
| Título uniforme | Biblioteca de estudios madrileños ; |
| Designación de volumen o secuencia | 14 |
| 9 (RLIN) | 185680 |
| 852 ## - LOCALIZACIÓN | |
| Ubicación | ES-MaACL |
| Número de control de estantería | C-42351 |
| Sublocalización o colección | R.79789 |
| Estatus retirado | Estado de pérdida | Estado de daño | No para préstamo | Biblioteca de origen | Biblioteca actual | Ubicación en estantería | Fecha de adquisición | Fuente de adquisición | Total de préstamos | Signatura topográfica completa | Código de barras | Visto por última vez | Precio de reemplazo | Tipo de ítem Koha |
|---|---|---|---|---|---|---|---|---|---|---|---|---|---|---|
| Biblioteca del Ateneo de Madrid | Biblioteca del Ateneo de Madrid | Depósito 2 | 17/01/2008 | C-42351 | 1065603 | 23/02/2023 | 23/02/2023 | Libro impreso |
